Agricultural statistical compendium (Record no. 38640)
[ view plain ]
| 000 -LEADER | |
|---|---|
| fixed length control field | 00672nam a22001817a 4500 |
| 008 - FIXED-LENGTH DATA ELEMENTS--GENERAL INFORMATION | |
| fixed length control field | 230602b |||||||| |||| 00| 0 eng d |
| 020 ## - INTERNATIONAL STANDARD BOOK NUMBER | |
| International Standard Book Number | 81-900217-0-2 |
| 040 ## - CATALOGING SOURCE | |
| Original cataloging agency | National Science Library |
| Transcribing agency | National Science Library |
| 080 ## - UNIVERSAL DECIMAL CLASSIFICATION NUMBER | |
| Universal Decimal Classification number | R 31:63 |
| Item number | N2.1.2 |
| 100 ## - MAIN ENTRY--PERSONAL NAME | |
| Personal name | Bansil, P C |
| 9 (RLIN) | 75 |
| 245 ## - TITLE STATEMENT | |
| Title | Agricultural statistical compendium |
| 260 ## - PUBLICATION, DISTRIBUTION, ETC. | |
| Place of publication, distribution, etc. | New Delhi: |
| Name of publisher, distributor, etc. | Techno Economic Research Institute, |
| Date of publication, distribution, etc. | 1992 |
| 365 ## - TRADE PRICE | |
| Price amount | 950.00 |
| Currency code | INR |
| 500 ## - GENERAL NOTE | |
| General note | Vol. 1 Part 1 (Foodgrains; 1990; xxii, 582p.)<br/>Vol. 2 Part 2 (Foodgrains & with supplement to part 1; 1992; ISBN: 81-900217-0-2; xxii, 583p.-1312p.) |
| 650 ## - SUBJECT ADDED ENTRY--TOPICAL TERM | |
| Topical term or geographic name entry element | Statistical |
| 653 ## - INDEX TERM--UNCONTROLLED | |
| Uncontrolled term | Agricultural |
| 942 ## - ADDED ENTRY ELEMENTS (KOHA) | |
| Source of classification or shelving scheme | Universal Decimal Classification |
| Koha item type | Reference |
| Withdrawn status | Lost status | Source of classification or shelving scheme | Damaged status | Not for loan | Collection | Home library | Current library | Shelving location | Date acquired | Coded location qualifier | Cost, normal purchase price | Total Checkouts | Full call number | Barcode | Date last seen | Price effective from | Koha item type |
|---|---|---|---|---|---|---|---|---|---|---|---|---|---|---|---|---|---|
| Universal Decimal Classification | Reference | National Science Library | National Science Library | GF/Rk-25/C-7/R-6 | 09/09/1992 | Vol. 2 Par | 950.00 | R 31:63 N2.1.2 | 173191 | 02/06/2023 | 09/09/1992 | Reference |